00698 2200241 4500001002100000005001700021008004100038020002200079035002500101040001200126082001000138084002000148090002100168100001700189245007600206250001100282260003800293300003600331500003100367650002600398850001200424990002000436INLIS00000000000276120160127083902.0  a978-602-229-318-7 a0010-031500000000229 aYOPDYOG a519.5 aDEP 519.5 Abd S aDEPb519.5 Abd S aABDUL ROHMAN aStatistika dan kemometrika dasar dalam analisis farmasic/ Abdul Rohman aCet. 1 aYogyakartabPustaka Pelajarc2014 axi, 267 hlm.b: ilus.c; 23 cm. aBibliografi : hlm. 257-258 aStatistik farmakologi aYOPDYOG aCB-D.112014-416